LEADER 01388nam a2200289 i 4500 001 000000033759 003 CaOOAMICUS 005 20210331124116.0 008 180830s18251830it u000 u ita u 040 $aSeMil$bita 100 1 $aMillot, Claude François Xavier,$d<1726-1785>.$0(OLS)http://semarc/name/8088 245 10$aCorso di storia generale antica e moderna opera scritta nell'idioma francese dall'abate Millot continuata dal professore Millon e recata in italiano con note ed aggiunte. Storia moderna. Volume 1. [- 8.]. 260 $aMilano :$bNicolò Bettoni,$c1825-1830. 300 $a8 v. ;$c12°. 650 4$aStoria moderna.$0(OLS)http://semarc/subject/993 700 1 $aBettoni, Nicolò,$c.$0(OLS)http://semarc/name/3818 774 0 $tVol. 1.$g1$w()254542 774 0 $tVol. 3.$g3$w()254543 774 0 $tVol. 2.$g2$w()254544 774 0 $tVol. 5.$g5$w()254545 774 0 $tVol. 4.$g4$w()254546 774 0 $tVol. 6.$g6$w()254547 774 0 $tVol. 7.$g7$w()254548 774 0 $tVol. 8.$g8$w()254549 996 $6245$aCorso di storia generale antica e moderna opera scritta nell'idioma francese dall'abate Millot continuata dal professore Millon e recata in italiano con note ed aggiunte. Storia moderna. Volume 1. [- 8.]$9(OLS)http://semarc/title/402256 996 $6260$aMilano :$bNicolò Bettoni$9(OLS)http://semarc/publisher/35079 LEADER 00935nam a2200229 i 4500 001 000000115123 003 CaOOAMICUS 005 20030513000000.0 008 030513s1967 gw u000 u ger u 013 $a87811 040 $aSeMil$bita 100 1 $aZimmermann, Heinrich.$0(OLS)http://semarc/name/40990 245 10$aNeutestamentliche Methodenlehre :$bDarstellung der Historisch-Kritischen Methode /$cHeinrich Zimmermann. 260 $aStuttgart :$bKatholisches Bibelwerk,$c1967. 300 $a281 p. ;$c24 cm. 500 $aFondo Card. C.M. Martini. 850 $aSeMil 852 $aSeMil$W1$xVenegono$y1$m$j2960$B70660$CSeMilBibl$Z2$F0 $82 941 1 $a4 961 $aOmaggio: Martini Card. Carlo Maria 996 $6245$aNeutestamentliche Methodenlehre :$bDarstellung der Historisch-Kritischen Methode$9(OLS)http://semarc/title/168510 996 $6260$aStuttgart :$bKatholisches Bibelwerk$9(OLS)http://semarc/publisher/32450